Pays des Caraïbes et d'Amérique Centrale - Statistiques

Statistiques générales
  • Ce quiz a été pris 239 fois
  • Le résultat moyen est 19 sur 24
Réponses sur la Carte
Les réponses sont colorées sur une échelle allant du rouge au vert en fonction du pourcentage des utilisateurs qui les ont devinées à leur premier essai. Vous pouvez retrouver ces pourcentages ci-dessous.
 
Statistiques - réponses
Pays % Correct
Cuba
95%
Guatemala
91%
Mexique
91%
Panama
91%
République Dominicaine
90%
Venezuela
90%
Costa Rica
89%
Haïti
89%
Colombie
88%
Nicaragua
88%
Jamaïque
87%
Honduras
86%
Salvador
85%
Belize
82%
Sainte-Lucie
75%
Guyana
74%
Bahamas
73%
Barbade
71%
Dominique
71%
Trinité-et-Tobago
71%
Grenade
70%
Saint-Christophe-et-Niévès
69%
Saint-Vincent et les Grenadines
69%
Antigua-et-Barbuda
58%
Aucun quiz correspondant
Distribution des résultats
% des personnes avec chaque résultat
Percentile par nombre de réponses
Votre historique - résultats
Vous n’avez pas pris ce quiz